000 01092npm a2200241 i 4500
001 5070
003 ES-MaACL
005 20250814001600.0
007 hzrazu bucu
008 890404r19891925sp b 00010 spa d
080 _a614(061.21)
100 0 _aPorras Forero, Emilio César.
_993151
245 1 0 _aEducacion fisica
_b: [Microforma] : concepto general, desde el punto de vista higienico, de los deportes actuales y su accion benefica o perjudicial en el desarrollo de la juventud /
_cpor Emilio Cesar Porras Forero.
260 _aMadrid :
_bAteneo Cientifico, Literario y Artistico,
_c1989.
300 _a28 fotogramas en 1 microficha :
_bnegativo.
490 1 _aMemorias premiadas de la Sociedad Española de Higiene. Legado Roel ;
_v33
500 _aPublicado originalmente: Madrid, Sociedad Española de Higiene, 1925.
810 2 _aSociedad Española de Higiene-
_kMemorias premiadas
_96727
830 0 0 _aLegado Roel: Colección de memorias premiadas
_v33
_9183286
852 _aES-MaACL
_jMCF-3
_95187
_cDEPO1
942 _2udc
_cMICROFORMA
999 _c5070
_d5070